| 000 | 00394nam a2200145Ia 4500 | ||
|---|---|---|---|
| 008 | 230917s9999||||xx |||||||||||||| ||und|| | ||
| 040 |
_e68080 _aMAIN |
||
| 041 | _aEnglish | ||
| 082 | _a330.156 P273A | ||
| 100 | _aPatinkin, Don | ||
| 245 | 0 | _aAnticipations of the general theory: and other essays on Keynes | |
| 260 |
_aOxford _bBasil Blackwell _c1982 |
||
| 300 | _axxiv, 283 p. | ||
| 942 | _cBK | ||
| 999 |
_c39541 _d39541 |
||